La investigación en productividad de agrosistemas (Record no. 20030)
[ view plain ]
| 000 -CABECERA | |
|---|---|
| campo de control de longitud fija | 01339cam a22003857a 4500 |
| 003 - IDENTIFICADOR DEL NÚMERO DE CONTROL | |
| campo de control | CHAP |
| 005 - FECHA Y HORA DE LA ÚLTIMA TRANSACCIÓN | |
| campo de control | 20220329134413.0 |
| 008 - DATOS DE LONGITUD FIJA--INFORMACIÓN GENERAL | |
| campo de control de longitud fija | 971013s1993 r 00010 d |
| 010 ## - NÚMERO DE CONTROL DE LA BIBLIOTECA DEL CONGRESO | |
| Número de control de LC | 20030 |
| 011 ## - ENLACE DEL NUMERO DE CONTROL DE LA BIBLIOTECA DEL CONGRESO [OBSOLETO] | |
| Número de control de LC | 21002 |
| 035 ## - NÚMERO DE CONTROL DEL SISTEMA | |
| Número de control de sistema | 25091 |
| 040 ## - FUENTE DE LA CATALOGACIÓN | |
| Centro/agencia transcriptor | CHAP |
| 090 ## - LOCALMENTE ASIGNADO TIPO-LC NÚMERO DE CLASIFICACIÓN (OCLC); NÚMERO DE CLASIFICACIÓN LOCAL (RLIN) | |
| Número de clasificación (OCLC) (R) ; Numero de clasificación, CALL (RLIN) (NR) | Folleto 14321 |
| 100 00 - ENTRADA PRINCIPAL--NOMBRE DE PERSONA | |
| Nombre de persona | Laird, Reggie J. |
| 9 (RLIN) | 64497 |
| 245 13 - MENCIÓN DE TÍTULO | |
| Título | La investigación en productividad de agrosistemas |
| 260 ## - PUBLICACIÓN, DISTRIBUCIÓN, ETC. | |
| Lugar de publicación, distribución, etc. | Montecillo, Méx. : |
| Nombre del editor, distribuidor, etc. | Colegio de Postgraduados, |
| Fecha de publicación, distribución, etc. | 1993 |
| 300 ## - DESCRIPCIÓN FÍSICA | |
| Extensión | 41 p. |
| 490 #0 - MENCIÓN DE SERIE | |
| Mención de serie | Cuaderno de edafología |
| Designación de volumen o secuencia | ; 18 |
| 590 ## - NOTA LOCAL (RLIN) | |
| Nota local | BATCH-UPD |
| Procedencia (VM) [OBSOLETO] | 10 |
| Condición del los carretes individuales (VM) [OBSOLETO] | 20130110 |
| -- | UCH01 |
| -- | 1922 |
| 590 ## - NOTA LOCAL (RLIN) | |
| Nota local | BATCH-UPD |
| Procedencia (VM) [OBSOLETO] | 10 |
| Condición del los carretes individuales (VM) [OBSOLETO] | 20130410 |
| -- | UCH01 |
| -- | 1248 |
| 590 ## - NOTA LOCAL (RLIN) | |
| Nota local | BATCH-UPD |
| Procedencia (VM) [OBSOLETO] | 10 |
| Condición del los carretes individuales (VM) [OBSOLETO] | 20130914 |
| -- | UCH01 |
| -- | 1107 |
| 590 ## - NOTA LOCAL (RLIN) | |
| Nota local | BATCH-UPD |
| Procedencia (VM) [OBSOLETO] | 10 |
| Condición del los carretes individuales (VM) [OBSOLETO] | 20140805 |
| -- | UCH01 |
| -- | 1143 |
| 590 ## - NOTA LOCAL (RLIN) | |
| Nota local | CONVERSION |
| Procedencia (VM) [OBSOLETO] | 10 |
| Condición del los carretes individuales (VM) [OBSOLETO] | 20130109 |
| -- | UCH01 |
| -- | 1312 |
| 650 14 - PUNTO DE ACCESO ADICIONAL DE MATERIA--TÉRMINO DE MATERIA | |
| Término de materia o nombre geográfico como elemento de entrada | Agricultura |
| Subdivisión general | Investigación. |
| 9 (RLIN) | 1577 |
| 650 14 - PUNTO DE ACCESO ADICIONAL DE MATERIA--TÉRMINO DE MATERIA | |
| Término de materia o nombre geográfico como elemento de entrada | Cultivos |
| Subdivisión general | Rendimiento. |
| 9 (RLIN) | 30318 |
| 700 0# - PUNTO DE ACCESO ADICIONAL--NOMBRE DE PERSONA | |
| Nombre de persona | Turrent Fernández, Antonio. |
| 9 (RLIN) | 115685 |
| 700 0# - PUNTO DE ACCESO ADICIONAL--NOMBRE DE PERSONA | |
| Nombre de persona | Volke Haller, Víctor. |
| 9 (RLIN) | 120643 |
| 830 0# - PUNTO DE ACCESO ADICIONAL DE SERIE-TÍTULO UNIFORME | |
| Título uniforme | Cuaderno de edafología |
| Designación de volumen o secuencia | ; 18 |
| 9 (RLIN) | 29712 |
| 901 ## - ELEMENTOS DE DATOS A LOCAL LDA (RLIN) | |
| a | BK |
| 942 ## - ELEMENTOS DE PUNTO DE ACCESO ADICIONAL (KOHA) | |
| Tipo de ítem Koha | Folleto |
| 949 ## - PROCESAMIENTO DE INFORMACIÓN LOCAL (OCLC) | |
| a | Folleto 14321 |
| b | BC |
| c | FOLL |
| d | -57801 |
| e | TS1 |
| i | 25091 |
| s | i |
| 949 ## - PROCESAMIENTO DE INFORMACIÓN LOCAL (OCLC) | |
| a | Folleto 14321 |
| b | BC |
| c | FOLL |
| d | -57802 |
| e | TS2 |
| f | c.2 |
| i | 25091 |
| s | i |
| 949 ## - PROCESAMIENTO DE INFORMACIÓN LOCAL (OCLC) | |
| a | Folleto 14321 |
| b | BC |
| c | FOLL |
| d | -57803 |
| e | TS2 |
| f | c.3 |
| i | 25091 |
| s | i |
| 949 ## - PROCESAMIENTO DE INFORMACIÓN LOCAL (OCLC) | |
| a | Folleto 14321 |
| b | BC |
| c | UACH |
| d | -75334 |
| e | UACH |
| f | c.4 |
| i | 25091 |
| s | i |
| Estado de retiro | Estado de pérdida | Fuente del sistema de clasificación o colocación | Estado dañado | Restricciones de uso | No para préstamo | Código de colección | Localización permanente | Ubicación/localización actual | Ubicación en estantería | Fecha de adquisición | Información codificada de la localización en otra ubicación | Total de préstamos | Signatura topográfica completa | Código de barras | Fecha visto por última vez | Precio válido a partir de | Tipo de ítem Koha | Número de copia |
|---|---|---|---|---|---|---|---|---|---|---|---|---|---|---|---|---|---|---|
| Clasificación Universidad Autónoma de Chapingo | Préstamo interno | Folletos | Biblioteca Central | Biblioteca Central | Planta alta - Área de Tesis - Folletos | 17/12/2012 | FOLL | Folleto 14321 | -57801 | 31/12/2019 | 17/12/2012 | Folleto | ||||||
| Clasificación Universidad Autónoma de Chapingo | Préstamo 3 días | Folletos | Biblioteca Central | Biblioteca Central | Planta alta - Área de Tesis - Folletos | 17/12/2012 | FOLL | Folleto 14321 | -57802 | 31/12/2019 | 17/12/2012 | Folleto | c.2 | |||||
| Clasificación Universidad Autónoma de Chapingo | Préstamo 3 días | Folletos | Biblioteca Central | Biblioteca Central | Planta alta - Área de Tesis - Folletos | 17/12/2012 | FOLL | Folleto 14321 | -57803 | 31/12/2019 | 17/12/2012 | Folleto | c.3 | |||||
| Préstamo interno | Publicaciones UACh | Biblioteca Central | Biblioteca Central | Planta alta - Área de Tesis - UACh | 17/12/2012 | FOLL | Folleto 14321 | -75334 | 31/12/2019 | 17/12/2012 | Folleto | c.4 |
